02809nas a2200445 i 450000100060000000300090000600500170001500700030003200800410003502200140007602200250009004000590011504100080017424500570018226401080023930000510034731000150039833600270041333700340044033800300047436200420050450000940054665000860064065000820072665000790080865000930088765000980098065500440107871000730112294200150119595201410121095201410135195201410149295201410163395201410177495201410191595201450205695201450220199900170234649780DR-UNIBE20250612152919.0ta200225e2023 dr fn|p|r||||||0| | spa d a2737-6516 a2737-6559-En línea aBIBLIOTECA UNIBEcBIBLIOTECA UNIBEbspadDO-SdBNPerda aspa00aHormonas (Archivos dominicanos de endocrinología). aSanto Domingo, República Dominicana :bSociedad Dominicana de Endocrinología y Nutrición, c2023. avolumen :bilustraciones, tablas ;c28 x 22 cm aSemestral. atextobtxt2rdacontent asin mediación bn2rdamedia avolumen bnc 2rdacarrier0 aVolumen 14, No. 1 (enero-junio 2023). aEsta catalogación está basada con este volumen: Volumen 14, No. 1 (enero-junio 2023). 7aEndocrinología913562lembvPublicaciones periódicas zRepública Dominicana 7aNutrición9612252lembvPublicaciones periódicas zRepública Dominicana 7aHormonas9612262lembvPublicaciones periódicas zRepública Dominicana 7aGlándulas endocrinas9612272lembvPublicaciones periódicas zRepública Dominicana 7aRegulación del metabolismo912012lembvPublicaciones periódicas zRepública Dominicana 7aPublicaciones periódicas9612292lemb2 aSociedad Dominicana de Endocrinología y Nutricióneautor9163764 2ddccISSUE 00102ddc4056708SEaBNPHUbBNPHUd2025-05-29hVolumen 14, No. 1 (enero-junio 2023)l0p2025-4632r2025-05-29te.1w2025-05-29yISSUE 00102ddc4056708SEaBNPHUbBNPHUd2025-05-29hVolumen 14, No. 1 (enero-junio 2023)l0p2025-4633r2025-05-29te.2w2025-05-29yISSUE 00102ddc4056708SEaBNPHUbBNPHUd2025-05-29hVolumen 14, No. 1 (enero-junio 2023)l0p2025-4634r2025-05-29te.3w2025-05-29yISSUE 00102ddc4056708SEaBNPHUbBNPHUd2025-05-29hVolumen 15, No. 1 (enero-junio 2024)l0p2025-4635r2025-05-29te.1w2025-05-29yISSUE 00102ddc4056708SEaBNPHUbBNPHUd2025-05-29hVolumen 15, No. 1 (enero-junio 2024)l0p2025-4636r2025-05-29te.2w2025-05-29yISSUE 00102ddc4056708SEaBNPHUbBNPHUd2025-05-29hVolumen 15, No. 1 (enero-junio 2024)l0p2025-4637r2025-05-29te.3w2025-05-29yISSUE 00102ddc4056708SEaBNPHUbBNPHUd2025-05-29hVolumen 15, No. 2 (julio-diciembre 2024)l0p2025-4638r2025-05-29te.1w2025-05-29yISSUE 00102ddc4056708SEaBNPHUbBNPHUd2025-05-29hVolumen 15, No. 2 (julio-diciembre 2024)l0p2025-4639r2025-05-29te.2w2025-05-29yISSUE c59099d59099